<?xml version="1.0" encoding="UTF-8"?>
<collection xmlns="http://www.loc.gov/MARC21/slim">
 <record>
  <leader>00441pamaa2200133   4500</leader>
  <controlfield tag="001">0000048427</controlfield>
  <controlfield tag="005">20101210090000.0</controlfield>
  <controlfield tag="008">101210                             eng  </controlfield>
  <datafield tag="022" ind1="0" ind2="0">
   <subfield code="a">10776990</subfield>
  </datafield>
  <datafield tag="245" ind1="0" ind2="0">
   <subfield code="a">Journalism and mass communication : </subfield>
   <subfield code="b">Vol. 84 ,No. 1-2, 2007.</subfield>
  </datafield>
  <datafield tag="260" ind1="0" ind2="0">
   <subfield code="a">Columbia, CA: </subfield>
   <subfield code="b">Journalism &amp; mass communication Quarterly, </subfield>
   <subfield code="c">2006-.</subfield>
  </datafield>
  <datafield tag="300" ind1=" " ind2=" ">
   <subfield code="a">v.: </subfield>
   <subfield code="b">ill. (some col.); </subfield>
   <subfield code="c">30 cm.</subfield>
  </datafield>
  <datafield tag="650" ind1="0" ind2="0">
   <subfield code="a">Journalism -- </subfield>
   <subfield code="x">Periodicals </subfield>
  </datafield>
  <datafield tag="901" ind1=" " ind2=" ">
   <subfield code="u">www.ohio.edu</subfield>
  </datafield>
 </record>
</collection>
